English Castle to County — Click Quiz - Statistics

General Stats
  • This quiz has been taken 484 times
  • The average score is 9 of 20
Answer Stats
Hint Answer % Correct
Windsor Castle Berkshire
81%
Tintagel Castle Cornwall
77%
Leeds Castle Kent
67%
Barnard Castle County Durham
58%
Bamburgh Castle Northumberland
58%
Totnes Castle Devon
57%
Ludlow Castle Shropshire
51%
Arundel Castle West Sussex
51%
Pickering Castle North Yorkshire
49%
Clitheroe Castle Lancashire
46%
Framlingham Castle Suffolk
46%
Carisbrooke Castle Isle of Wight
34%
Caister Castle Norfolk
33%
Kenilworth Castle Warwickshire
33%
Belvoir Castle Leicestershire
27%
Rockingham Castle Northamptonshire
27%
Hedingham Castle Essex
22%
Muncaster Castle Cumbria
17%
Peveril Castle Derbyshire
16%
Tutbury Castle Staffordshire
13%
No matching quizzes found
Score Distribution
Percent of People with Each Score
Percentile by Number Answered
Your Score History
You have not taken this quiz